000 00295nam a22001337a 4500
008 171012b xxu||||| |||| 00| 0 eng d
020 _a9780072321364
041 _aeng
080 _25TH
_a316
100 _a50
101 _aSOC
245 _aFEMINIST FRONTIERS
_cRICHARDSON,L
942 _2udc
_cBK
999 _c33361
_d33361